U.S. States that have H in their name - Statistics

General Stats
  • This quiz has been taken 45 times
    25 since last reset
  • The average score is 13 of 14
Answer Stats
# of H's Answer % Correct
1 Idaho
100%
2 New Hampshire
100%
1 Ohio
100%
1 South Carolina
100%
1 South Dakota
100%
1 Washington
100%
1 Hawaii
95%
1 North Carolina
95%
1 North Dakota
95%
1 Utah
95%
1 Massachusetts
90%
1 Oklahoma
90%
1 Rhode Island
90%
1 Michigan
86%
No matching quizzes found
Score Distribution
Percent of People with Each Score
Percentile by Number Answered
Your Score History
You have not taken this quiz since the last reset